| 000 | 00570nam a2200205 u 4500 | ||
|---|---|---|---|
| 005 | 20210223131800.0 | ||
| 008 | 120706s2006 r 000 0 eng d | ||
| 020 | _a9707705892 | ||
| 035 | _aUPN01000185725 | ||
| 049 | _aI | ||
| 050 | 4 |
_aT48 _bR6.4 |
|
| 100 | 1 | _aRobinson, James | |
| 245 | 1 | 0 |
_aInventos / _cJames Robinson ; pról. de James Dyson. |
| 260 |
_aMéxico : _bAltea, _c2006. |
||
| 300 |
_a63 p. : _bil. |
||
| 440 | 0 | _aAltea conocimiento | |
| 650 | 4 |
_aINVENTOS - _vLITERATURA INFANTIL _911235 |
|
| 650 | 4 |
_aINVENTOS - _xHISTORIA _914424 |
|
| 905 | _aInfantil | ||
| 999 |
_c157828 _d157828 |
||